00680nam a2200205Ia 4500008004100000020001800041041000800059082002100067100002100088245002300109250001100132260003400143300000900177500003400186650002300220700003900243906000700282999001700289952016800306230125s9999 xx 000 0 und d a81-7766-720-3 aeng a891.463bBHA/VAK aBhagat C9109656 aFive point someone a1st ed c2012bMehta publicationaPune a248p aLiterature;Marathi Literature aMarathi Literature aBhagat C & Vakil S, Trans.9109657 b44 c86365d86365 00104070aHIMRbHIMRd2013-03-21ePritam Book Centreg220.00i8408l0o891.463 BHA/VAK B11902pHIMR-BK-11902r2023-01-25 00:00:00v176.00w2013-03-13yBKzB11902